Big 4 Teams by First 3 Letters Quiz Stats

 Plays Quiz Updated Jun 12, 2017

Challenge
Share
Tweet
Embed
Score 0/123 Timer 06:00
0 Plays Today
Team % Correct
Boston Red Sox
95.6%
Detroit Red Wings
95.1%
Cincinnati Reds
94.9%
Washington Redskins
94.9%
New York Giants
88%
San Francisco Giants
87.9%
New York Yankees
86.6%
New York Jets
85.2%
Winnipeg Jets
85.1%
Chicago White Sox
83.8%
St. Louis Cardinals
83.7%
Arizona Cardinals
83.7%
Denver Broncos
82.8%
Cleveland Browns
82.8%
Toronto Blue Jays
82.6%
Green Bay Packers
81.8%
Indiana Pacers
81.7%
Columbus Blue Jackets
81.4%
St. Louis Blues
81%
New York Rangers
80.5%
Texas Rangers
80.4%
New England Patriots
80%
Florida Marlins
79.5%
Seattle Mariners
79.4%
Dallas Cowboys
76.4%
Chicago Bears
76%
New York Mets
75.5%
Los Angeles Lakers
75.3%
Tampa Bay Buccaneers
75.3%
Milwaukee Bucks
75.3%
Carolina Panthers
75.1%
Florida Panthers
75.1%
San Francisco 49ers
74.8%
Colorado Rockies
73.8%
Houston Rockets
73.8%
Pittsburgh Steelers
73.5%
Miami Heat
73%
Detroit Lions
73%
Miami Dolphins
72.2%
Chicago Cubs
72.1%
Philadelphia Eagles
72%
Team % Correct
Seattle Seahawks
71.1%
Indianapolis Colts
70.4%
Los Angeles Kings
70%
Sacramento Kings
70%
Montreal Canadiens
69.8%
Vancouver Canucks
69.8%
New Orleans Saints
69.6%
Houston Texans
68.4%
Detroit Tigers
68.2%
Minnesota Vikings
68.2%
Boston Celtics
67.8%
Philadelphia Phillies
67.6%
Chicago Bulls
67.2%
Jacksonville Jaguars
67.1%
Atlanta Falcons
67%
Atlanta Braves
66.7%
Baltimore Ravens
66.4%
Oakland Raiders
66.4%
Cincinnati Bengals
65.9%
Baltimore Orioles
65.9%
Los Angeles Angels
65.9%
Tennessee Titans
65.6%
Pittsburgh Pirates
65.5%
Los Angeles Dodgers
65.2%
Houston Astros
64.2%
Los Angeles Rams
64.2%
Kansas City Chiefs
63.8%
Chicago Blackhawks
63.7%
Buffalo Bills
63.6%
Los Angeles Clippers
63.6%
Tampa Bay Rays
63.5%
New York Knicks
63.5%
Boston Bruins
63.2%
Los Angeles Chargers
63.1%
Oklahoma City Thunder
62.8%
Washington Nationals
62.8%
Minnesota Twins
62.3%
Oakland Athletics
62.3%
Pittsburgh Penguins
61.8%
Philadelphia 76ers
61.7%
Cleveland Indians
61.4%
Team % Correct
Brooklyn Nets
61.1%
San Diego Padres
60.7%
San Antonio Spurs
60.1%
Dallas Mavericks
59.3%
Milwaukee Brewers
58.9%
Arizona Diamondbacks
58.7%
Philadelphia Flyers
58.5%
Utah Jazz
57.9%
Kansas City Royals
57.9%
New York Islanders
57.3%
Atlanta Hawks
57%
Orlando Magic
55.4%
Toronto Maple Leafs
55%
Phoenix Suns
54.9%
Golden State Warriors
54.5%
Cleveland Cavaliers
53.3%
New Orleans Pelicans
52.8%
Detroit Pistons
51.8%
Dallas Stars
51.1%
Minnesota Timberwolves
51.1%
Edmonton Oilers
51%
Portland Trail Blazers
50.3%
Washington Wizards
50.3%
Colorado Avalanche
50.1%
Minnesota Wild
49.9%
Ottawa Senators
49.8%
Washington Capitals
48.6%
New Jersey Devils
48.4%
Memphis Grizzlies
47.6%
Charlotte Hornets
47%
Denver Nuggets
46.9%
Arizona Coyotes
46.4%
Calgary Flames
45.4%
San Jose Sharks
45.4%
Tampa Bay Lightning
44.6%
Nashville Predators
43.1%
Toronto Raptors
42.9%
Anaheim Ducks
42.3%
Carolina Hurricanes
41.7%
Buffalo Sabres
38.3%
Vegas Golden Knights
35.2%

You're not logged in!

Compare scores with friends on all Sporcle quizzes.
Join for Free
OR
Log In

You Might Also Like...

Show Comments

Extras

Top Quizzes Today


Score Distribution

Your Account Isn't Verified!

In order to create a playlist on Sporcle, you need to verify the email address you used during registration. Go to your Sporcle Settings to finish the process.

Report this User

Report this user for behavior that violates our Community Guidelines.

Details: